| 000 | 01208cab a2200169 4500 | ||
|---|---|---|---|
| 001 | ##L133352 | ||
| 008 | 060503n2006 000 0 eng u | ||
| 035 | _a(Sirsi) u133352 | ||
| 041 | 0 | _aeng | |
| 245 | 0 | 0 | _aMaking the case |
| 260 | _c2006 | ||
| 490 | 0 |
_aPremises and Facilities Management _vApril 2006, 20-24(4) |
|
| 520 | _aReports a debate which considered why so few organisations embrace the advantages of energy efficient strategies for their buildings. It was felt that the way organisations make decisions is a key factor, with the reduction of operating costs in buildings still a low priority; the installation of energy efficient equipment often comes at the bottom of the list as the returns are seen as too long term. There is also a perceived lack of in-house expertise, which may get worse as energy managers are dispensed with. It was agreed that energy suppliers and managers must make greater efforts to sell the benefits of energy efficiency. Also considers the likely effectiveness of the energy labelling of non-domestic buildings and legislative standards. | ||
| 590 | _aIKA090506 | ||
| 690 | _aENVIRONMENTAL AND LAND CONSULTANCY-ENERGY-ENERGY USE-ENERGY EFFICIENCY | ||
| 942 | _n0 | ||
| 999 |
_c76949 _d76949 |
||